Giáo trình máy tiện và gia công trên máy tiện : Sách dùng cho các Trường đào tạo hệ Trung cấp chuyên nghiệp
Trình bày khái niệm cơ bản về gia công bằng tiện, các cơ cấu chuyển động của máy tiện, phân loại và cấu tạo của máy tiện. Giới thiệu một số loại máy tiện thông dụng và cách gia công trên máy tiện......
Đã lưu trong:
| 主要作者: | |
|---|---|
| 格式: | 圖書 |
| 語言: | Undetermined |
| 出版: |
Hà Nội
Giáo dục
2010
|
| 主題: | |
| 標簽: |
添加標簽
沒有標簽, 成為第一個標記此記錄!
|
| Thư viện lưu trữ: | Trung tâm Học liệu Trường Đại học Cần Thơ |
|---|
| LEADER | 01057nam a2200217Ia 4500 | ||
|---|---|---|---|
| 001 | CTU_159984 | ||
| 008 | 210402s9999 xx 000 0 und d | ||
| 020 | |c 32000 | ||
| 082 | |a 621.82 | ||
| 082 | |b T307 | ||
| 100 | |a Nguyễn, Viết Tiếp | ||
| 245 | 0 | |a Giáo trình máy tiện và gia công trên máy tiện : | |
| 245 | 0 | |b Sách dùng cho các Trường đào tạo hệ Trung cấp chuyên nghiệp | |
| 245 | 0 | |c Nguyễn Viết Tiếp | |
| 260 | |a Hà Nội | ||
| 260 | |b Giáo dục | ||
| 260 | |c 2010 | ||
| 520 | |a Trình bày khái niệm cơ bản về gia công bằng tiện, các cơ cấu chuyển động của máy tiện, phân loại và cấu tạo của máy tiện. Giới thiệu một số loại máy tiện thông dụng và cách gia công trên máy tiện... | ||
| 650 | |a Machine design,Mechanical engineering,Chi tiết máy,Cơ khí | ||
| 904 | |i H.Loan,Qhieu | ||
| 980 | |a Trung tâm Học liệu Trường Đại học Cần Thơ | ||